Compañía Pizarrera de Villar del Rey... (Record no. 153217)

MARC details
000 -LEADER
campo de control de longitud fija 00650nam a22001695i 4500
001 - NÚMERO DE CONTROL
campo de control 153217
003 - IDENTIFICADOR DE NÚMERO DE CONTROL
campo de control ES-MaACL
005 - FECHA Y HORA DE LA ÚLTIMA TRANSACCIÓN
campo de control 20230906205058.0
008 - DATOS DE LONGITUD FIJA--INFORMACIÓN GENERAL
campo de control de longitud fija 040826s1883 sp |||| | spa d
040 ## - FUENTE DE CATALOGACIÓN
Centro catalogador/agencia de origen CAM
Lengua de catalogación spa
Centro/agencia transcriptor CAM
110 2# - ENTRADA PRINCIPAL--NOMBRE DE ENTIDAD CORPORATIVA
Nombre de entidad corporativa o nombre de jurisdicción como elemento de entrada Compañía Pizarrera de Villar del Rey (Badajoz)
9 (RLIN) 134290
245 10 - MENCIÓN DEL TÍTULO
Título Compañía Pizarrera de Villar del Rey...
Resto del título : tarifas.
260 ## - PUBLICACIÓN, DISTRIBUCIÓN, ETC.
Lugar de publicación, distribución, etc. Madrid :
Nombre del editor, distribuidor, etc. [s.n.],
Fecha de publicación, distribución, etc. 1883 (
Fabricante Establecimiento tipográfico de Alvarez hermanos)
300 ## - DESCRIPCIÓN FÍSICA
Extensión [8] p. ;
Dimensiones 21 cm.
650 04 - PUNTO DE ACCESO ADICIONAL DE MATERIA--TÉRMINO DE MATERIA
Término de materia o nombre geográfico como elemento de entrada Pizarras-
Subdivisión general Canteras-
Subdivisión geográfica Badajoz.
9 (RLIN) 136702
852 ## - LOCALIZACIÓN
Ubicación ES-MaACL
Número de control de estantería T-902-F-9
Nota libre -- Enc. hol., conservando la cub. original
-- -- Enc. en un vol. facticio
Holdings
Estatus retirado Estado de pérdida Estado de daño No para préstamo Colección Biblioteca de origen Biblioteca actual Ubicación en estantería Fecha de adquisición Total de préstamos Signatura topográfica completa Código de barras Visto por última vez Precio de reemplazo Tipo de ítem Koha
        Colección de folletos Biblioteca del Ateneo de Madrid Biblioteca del Ateneo de Madrid Depósito folletos 17/01/2008   T-902-F-9 1160103 23/02/2023 23/02/2023 Folleto